000 02797nas a2200301 i 4500
001 172581
003 ES-MaACL
005 20250928145928.0
007 t|
008 090722c1867 sp a| | 1 ||pa d
080 _a3 : 061.12(460)
110 2 _aReal Academia de Ciencias Morales y Políticas (España)
_9222050
245 1 0 _aMemorias de la Real Academia de Ciencias Morales y Políticas
_g1867.
260 _aMadrid :
_b[s. n.],
_c1867 (
_fImp. Nacional)
300 _a1 v. ;
_c26 cm.
505 8 _aContiene: T. II: Resumen de las actas de la Academia, leído el 12 de enero de 1962 / Pedro Gómez de la Serna (16 p.). De los principios tradicional y racional y de sus respectivas ventajas y desventajas / Antonio Alcalá Galiano (p. 17-44). Resumen de las actas de la Academia, leído el 10 de junio de 1866 / Pedro Gómez de la Serna, Antonio Benavides (p. 45-78). El Imperio Austriaco y su nuevo gobierno constitucional / Santiago de Tejada (p. 79-124). Del estado de la opinión en Inglaterra en cuestiones religiosas y políticas / Antonio Alcalá Galiano (p. 125-134). Noticia de Francisco Martínez de la Mata y sus escritos / Manuel Colmeiro (p. 135-144). De la intervención del clero en la enseñanza pública / Miguel Sanz Lafuente (p. 135- 186). Informes sobre algunos trabajos de la Academia de Ciencias Morales y Políticas y el Instituto Imperial de Francia / Modesto Lafuente (p. 187-202). Reducción de días festivos por acuerdo de ambas supremas potestades / Miguel Sanz Lafuente (p. 203-222). Ensayo sobre la prisión por deudas / Florencio Rodríguez Vaamonde (p. 223-260). El angli-catolicismo y el ritualismo en Inglaterra / Francisco de Cárdenas (p. 261-284). Algunas noticias acerca de los progresos y estado actual de la legislación civil y penal en Inglaterra / Francisco de Cárdenas (p. 285-302). Influencia de los matrimonios entre parientes consanguíneos en la salud de los hijos que nacen de ellos / Francisco de Cárdenas (p. 303-400). Berryer: memoria / Santiago de Tejada (p. 401-426). Estado político, económico y de la administración de justicia en los Estados Unidos de América / Florencio Rodríguez Vaamonde (p. 427-448). Progreso del ritualismo en Inglaterra / Francisco de Cárdenas
700 1 _aBenavides, Antonio,
_d1808-1884
_927448
700 1 _aAlcalá Galiano, Antonio,
_d1789-1865
_919459
700 1 _aTejada, Santiago de.
_9133165
700 1 _aColmeiro, Manuel (
_d1818-1894)
_939768
700 1 _aSanz Lafuente, Miguel,
_d1804-1880
_9132464
700 1 _aLafuente, Modesto,
_d1806-1866
_969535
700 1 _aRodríguez Vaamonde, Florencio.
_998847
700 1 _aCárdenas, Francisco de,
_d1816-1898
_935138
700 1 _aGómez de la Serna, Pedro.
_957900
852 _aES-MaACL
_jK-172
999 _c172581
_d172581